Statistics for Countries Containing N - One Minute Sprint

Click here to take the quiz!

General Stats

  • This quiz has been taken 57 times
    (19 since last reset)
  • The average score is 28 of 116

Answer Stats

country% Correct
Norway
67%
Finland
58%
India
58%
Spain
58%
Sweden
58%
United Kingdom
58%
United States
58%
Antigua and Barbuda
50%
Argentina
50%
Germany
50%
Indonesia
50%
Nauru
50%
Nepal
50%
New Zealand
50%
Niger
50%
Nigeria
50%
Albania
42%
Andorra
42%
China
42%
Denmark
42%
France
42%
Lithuania
42%
North Korea
42%
United Arab Emirates
42%
Vanuatu
42%
Angola
33%
Bosnia and Herzegovina
33%
Canada
33%
Democratic Republic of the Congo
33%
Estonia
33%
Japan
33%
Namibia
33%
Netherlands
33%
Nicaragua
33%
Pakistan
33%
Republic of the Congo
33%
Sudan
33%
Switzerland
33%
Tajikistan
33%
Turkmenistan
33%
Afghanistan
25%
Bangladesh
25%
Bhutan
25%
Cameroon
25%
Dominica
25%
Gabon
25%
Iceland
25%
Ireland
25%
Liechtenstein
25%
Montenegro
25%
Oman
25%
San Marino
25%
South Sudan
25%
Sri Lanka
25%
Trinidad and Tobago
25%
Vatican City
25%
Venezuela
25%
Yemen
25%
Armenia
17%
Azerbaijan
17%
Benin
17%
Central African Republic
17%
Dominican Republic
17%
Ghana
17%
Guyana
17%
Honduras
17%
Iran
17%
Kazakhstan
17%
Kyrgyzstan
17%
Macedonia
17%
Marshall Islands
17%
Micronesia
17%
Monaco
17%
Panama
17%
Papua New Guinea
17%
Poland
17%
Romania
17%
Solomon Islands
17%
Suriname
17%
Taiwan
17%
Thailand
17%
Tonga
17%
Uzbekistan
17%
Botswana
8%
Burundi
8%
Equatorial Guinea
8%
Grenada
8%
Guinea
8%
Guinea-Bissau
8%
Hungary
8%
Jordan
8%
Kenya
8%
Lebanon
8%
Mauritania
8%
Myanmar
8%
Philippines
8%
Rwanda
8%
Senegal
8%
Singapore
8%
Slovenia
8%
Tanzania
8%
Uganda
8%
Ukraine
8%
Vietnam
8%
Bahrain
0%
Brunei
0%
Burkina Faso
0%
Mongolia
0%
Palestine
0%
Sao Tome and Principe
0%
Sierra Leone
0%
St Kitts and Nevis
0%
St Lucia
0%
St Vincent and the Grenadines
0%
Swaziland
0%
Tunisia
0%

Score Distribution

Percentile by Number Answered

Percent of People with Each Score

Your Score History

You have not taken this quiz since the last reset